000 00376cam a2200157ua 4500
003 OSt
008 250315b |||||||| |||| 00| 0 eng d
041 _aeng
082 _a621.9
_bCHA/WO
100 _aChapman, W A J .
_92566
245 _aWorkshop technology, part 2 /
250 _a5 /
260 _aNew Delhi :
_bViva Books ,
_c2004.
300 _a399 ; .
942 _cBK
999 _c13181
_d13181